[Event "Dresden zt 1.2"]
[Site "Dresden"]
[Date "1998.05.08"]
[Round "10"]
[White "Nedev, Trajce"]
[Black "Dizdarevic, Emir"]
[Result "1/2-1/2"]
[WhiteElo "2405"]
[BlackElo "2540"]
[EventDate "1998.04.28"]
[PlyCount "67"]

1.e4 c6 2.d4 d5 3.Nd2 Qb6 4.Ngf3 Bg4 5.Bd3 e6 6.c3 Nf6 7.O-O Be7 8.Re1 
dxe4 9.Nxe4 Nbd7 10.Ng3 O-O 11.h3 Bxf3 12.Qxf3 c5 13.dxc5 Nxc5 14.Bc2 a5 
15.Rb1 Qc7 16.Bf4 Bd6 17.Bxd6 Qxd6 18.b4 axb4 19.cxb4 Ncd7 20.Red1 Qc7 21.
Rbc1 Qb6 22.a3 Ne5 23.Qc3 Ng6 24.Be4 Nxe4 25.Nxe4 Qa6 26.Nc5 Qxa3 27.Nxb7 
Nf4 28.Qxa3 Rxa3 29.Rc4 Nd5 30.Rb1 h5 31.Nd6 Nc3 32.Rb2 Rd8 33.Rc6 Ra2 34.
Rxa2 1/2-1/2

[Event "Dresden zt 1.2"]
[Site "Dresden"]
[Date "1998.05.08"]
[Round "10"]
[White "Sokolov, Ivan"]
[Black "Psakhis, Lev"]
[Result "1/2-1/2"]
[WhiteElo "2625"]
[BlackElo "2565"]
[EventDate "1998.04.28"]
[PlyCount "20"]

1.d4 Nf6 2.c4 e6 3.Nc3 Bb4 4.Qc2 O-O 5.a3 Bxc3+ 6.Qxc3 d6 7.Nf3 b6 8.e3 
Bb7 9.Be2 Nbd7 10.O-O Ne4 1/2-1/2

[Event "Dresden zt 1.2"]
[Site "Dresden"]
[Date "1998.05.08"]
[Round "10"]
[White "Soln, Primoz"]
[Black "Atlas, Dimitry"]
[Result "1-0"]
[WhiteElo "2350"]
[BlackElo "2315"]
[EventDate "1998.04.28"]
[PlyCount "73"]

1.d4 d5 2.c4 c6 3.Nc3 Nf6 4.Nf3 a6 5.c5 Nbd7 6.Bf4 g6 7.h3 Bg7 8.e3 O-O 9.
Be2 b6 10.cxb6 Qxb6 11.Rb1 c5 12.O-O cxd4 13.exd4 Bb7 14.Na4 Qa7 15.b4 Ne4
16.Rc1 Rac8 17.Nc5 Nexc5 18.bxc5 Bc6 19.Bd3 Rfe8 20.Re1 f6 21.Re6 Nf8 22.
Re3 e5 23.dxe5 Ne6 24.exf6 Bxf6 25.Bd6 d4 26.Rxe6 Rxe6 27.Bc4 Re8 28.Nxd4 
Bxd4 29.Qxd4 Qf7 30.Kh2 h5 31.Rb1 Kh7 32.Rb6 Qd7 33.Bxe6 Rxe6 34.Rb8 Re8 
35.Qf6 Rxb8 36.Bxb8 Qd5 37.f3 1-0

[Event "Dresden zt 1.2"]
[Site "Dresden"]
[Date "1998.05.08"]
[Round "10"]
[White "Stanec, Nikolaus"]
[Black "Sermek, Drazen"]
[Result "1/2-1/2"]
[WhiteElo "2485"]
[BlackElo "2510"]
[EventDate "1998.04.28"]
[PlyCount "31"]

1.e4 e5 2.Nf3 Nc6 3.Bb5 Nf6 4.d3 d6 5.c3 g6 6.O-O Bg7 7.Re1 O-O 8.Nbd2 Bd7
9.Nf1 Re8 10.Ba4 Qe7 11.Ne3 Rad8 12.h3 h6 13.b4 Qf8 14.Bb3 Be6 15.Ba4 Bd7 
16.Bb3 1/2-1/2

[Event "Dresden zt 1.2"]
[Site "Dresden"]
[Date "1998.05.09"]
[Round "11"]
[White "Atlas, Dimitry"]
[Black "Pelletier, Yannick"]
[Result "0-1"]
[WhiteElo "2315"]
[BlackElo "2515"]
[EventDate "1998.04.28"]
[PlyCount "66"]

1.e4 c5 2.c3 d5 3.exd5 Qxd5 4.d4 g6 5.Nf3 Bg7 6.Na3 cxd4 7.Nb5 Na6 8.Nfxd4
Nf6 9.Qf3 O-O 10.Qxd5 Nxd5 11.Be2 Nc5 12.O-O a6 13.Nb3 Na4 14.Na3 e5 15.
Bf3 Rd8 16.Na5 Rb8 17.N3c4 Ne7 18.Bd1 b5 19.Bxa4 bxa4 20.Be3 Rb5 21.b4 Be6
22.Bc5 Rc8 23.Bxe7 Bxc4 24.Rfd1 h5 25.Rd8+ Rxd8 26.Bxd8 Be6 27.Be7 e4 28.
Rc1 Rd5 29.c4 Rd2 30.Bc5 Rxa2 31.Be3 Rb2 32.c5 a3 33.c6 a2 0-1

[Event "Dresden zt 1.2"]
[Site "Dresden"]
[Date "1998.05.09"]
[Round "11"]
[White "Dautov, Rustem"]
[Black "Huzman, Alexander"]
[Result "1-0"]
[WhiteElo "2600"]
[BlackElo "2610"]
[EventDate "1998.04.28"]
[PlyCount "49"]

1.d4 Nf6 2.c4 e6 3.Nf3 b6 4.g3 Ba6 5.b3 Bb4+ 6.Bd2 Be7 7.Bg2 c6 8.Bc3 d5 
9.Ne5 O-O 10.Nd2 Bb7 11.O-O Na6 12.e4 c5 13.exd5 exd5 14.Re1 cxd4 15.Bxd4 
Nc5 16.Bb2 Rc8 17.b4 Nce4 18.Nxe4 dxe4 19.Qb3 Qc7 20.Rac1 Bd6 21.Qc3 Qe7 
22.Nd3 Qc7 23.Bxe4 Bxe4 24.Rxe4 Qc6 25.Qxf6 1-0

[Event "Dresden zt 1.2"]
[Site "Dresden"]
[Date "1998.05.09"]
[Round "11"]
[White "Dizdarevic, Emir"]
[Black "Ekstroem, Roland"]
[Result "1/2-1/2"]
[WhiteElo "2540"]
[BlackElo "2490"]
[EventDate "1998.04.28"]
[PlyCount "20"]

1.d4 Nf6 2.Nf3 d5 3.c4 e6 4.Nc3 Be7 5.Bg5 h6 6.Bh4 O-O 7.e3 Ne4 8.Bxe7 
Qxe7 9.cxd5 Nxc3 10.bxc3 exd5 1/2-1/2

[Event "Dresden zt 1.2"]
[Site "Dresden"]
[Date "1998.05.09"]
[Round "11"]
[White "Pavasovic, Dusko"]
[Black "Burovic, Ismet"]
[Result "0-1"]
[WhiteElo "2505"]
[BlackElo "2295"]
[EventDate "1998.04.28"]
[PlyCount "195"]

1.e4 c6 2.c4 e5 3.Nf3 d6 4.d4 Nd7 5.Nc3 Ngf6 6.Be2 Be7 7.O-O O-O 8.Qc2 Re8
9.Rd1 Bf8 10.d5 c5 11.a3 h6 12.b4 b6 13.Ne1 Nh7 14.Be3 Be7 15.f3 Bg5 16.
Bf2 Ndf8 17.Rdb1 Bh4 18.Bd1 Bxf2+ 19.Qxf2 Bd7 20.Qd2 Ng5 21.bxc5 bxc5 22.
Nb5 Bxb5 23.Rxb5 f5 24.Qe3 fxe4 25.fxe4 a6 26.Rb3 Rb8 27.Rab1 Rxb3 28.Rxb3
Qc7 29.h4 Ngh7 30.Nf3 Rb8 31.Nd2 Nf6 32.g4 Rxb3 33.Nxb3 Qd8 34.g5 hxg5 35.
Qxg5 Qe8 36.Nd2 Qg6 37.Qxg6 Nxg6 38.Nf3 Nf4 39.Ng5 Nh7 40.Nf3 Kf7 41.Kf2 
Kf6 42.Ke3 Nf8 43.Ba4 N8g6 44.Kf2 Ne7 45.Bd7 Nd3+ 46.Kg3 Nc1 47.Nd2 Ne2+ 
48.Kg4 Nd4 49.Ba4 Ng6 50.Bd7 Nf4 51.Bc8 a5 52.Bd7 Kg6 53.Be8+ Kf6 54.Bd7 
Nd3 55.a4 Kg6 56.Be8+ Kh6 57.Kg3 Nf4 58.Kg4 g6 59.Bd7 Nh5 60.Kh3 Kg7 61.
Bg4 Nf4+ 62.Kg3 Kf6 63.Bd7 Nfe2+ 64.Kg4 Nf4 65.Be8 Ng2 66.Kg3 Ne3 67.Kf2 
Nd1+ 68.Kg3 Nb2 69.Kg4 Nd3 70.Bd7 Nc1 71.Be8 Ncb3 72.Nb1 Nc2 73.Kf3 Kg7 
74.Ke2 Nbd4+ 75.Kd2 Nb4 76.Nc3 Nf3+ 77.Ke2 Nxh4 78.Nb5 Kf8 79.Nxd6 Ke7 80.
Nb7 Kxe8 81.Nxc5 Na2 82.Nb3 Nc3+ 83.Ke3 g5 84.Nxa5 g4 85.Nb3 g3 86.Nc1 g2 
87.Kf2 Nxe4+ 88.Kg1 Nd2 89.Ne2 Nxc4 90.Kf2 Na5 91.Kg3 Nf5+ 92.Kxg2 Kd7 93.
Kf3 Nd6 94.Nc3 Kc7 95.Ke3 Kb6 96.Kd3 Kc5 97.Nd1 Kxd5 98.Ne3+ 0-1

[Event "Dresden zt 1.2"]
[Site "Dresden"]
[Date "1998.05.09"]
[Round "11"]
[White "Rogulj, Branko"]
[Black "Soln, Primoz"]
[Result "1/2-1/2"]
[WhiteElo "2430"]
[BlackElo "2350"]
[EventDate "1998.04.28"]
[PlyCount "60"]

1.e4 c5 2.Nc3 Nc6 3.g3 g6 4.Bg2 Bg7 5.d3 Rb8 6.f4 d6 7.Nh3 e6 8.O-O Nge7 
9.Be3 Nd4 10.Qd2 O-O 11.Nd1 e5 12.c3 Ndc6 13.Ndf2 b6 14.Ng5 d5 15.fxe5 
Nxe5 16.Nf3 d4 17.Bh6 N7c6 18.c4 Nxf3+ 19.Bxf3 Ne5 20.Be2 Be6 21.Bxg7 Kxg7
22.Qf4 f6 23.h4 h6 24.Kg2 b5 25.cxb5 Rxb5 26.b3 Qd7 27.Rac1 g5 28.hxg5 
hxg5 29.Qd2 Rh8 30.Rh1 Rxh1 1/2-1/2

[Event "Dresden zt 1.2"]
[Site "Dresden"]
[Date "1998.05.09"]
[Round "11"]
[White "Sutovsky, Emil"]
[Black "Sokolov, Ivan"]
[Result "1/2-1/2"]
[WhiteElo "2595"]
[BlackElo "2625"]
[EventDate "1998.04.28"]
[PlyCount "82"]

1.e4 e5 2.Nf3 Nc6 3.Bb5 Nf6 4.Bxc6 dxc6 5.d3 Bd6 6.Nbd2 Be6 7.b3 Nd7 8.Bb2
Qe7 9.O-O O-O 10.Re1 Rad8 11.h3 a5 12.a4 Bb4 13.Re2 f6 14.Nf1 Rfe8 15.Ne3 
Nf8 16.Nh4 Qf7 17.Nef5 Kh8 18.Re3 g6 19.Nh6 Qg7 20.Ng4 Bxg4 21.Qxg4 Bd2 
22.Re2 Bg5 23.Bc1 Bxc1 24.Rxc1 Ne6 25.Re3 Nd4 26.Nf3 c5 27.Nxd4 cxd4 28.
Rg3 Rd6 29.Rf1 Rc6 30.Qe2 Qh6 31.Rg4 Rce6 32.f4 f5 33.exf5 gxf5 34.Rg5 
exf4 35.Qh5 Qxh5 36.Rxh5 Re2 37.Rxf4 Rxc2 38.Rhxf5 Rg8 39.g4 Re8 40.Kf1 
Re3 41.Rg5 Rc1+ 1/2-1/2

[Event "Gauteng zt"]
[Site "Gauteng"]
[Date "1998.05.14"]
[Round "7"]
[White "Kobese, Watu"]
[Black "Mamombe, Kudzanai"]
[Result "1-0"]
[WhiteElo "2330"]
[BlackElo "2135"]
[EventDate "1998.05.08"]
[PlyCount "85"]

1.e4 c6 2.d4 d5 3.Nd2 dxe4 4.Nxe4 Nd7 5.Ng5 Ngf6 6.Bd3 e6 7.N1f3 Bd6 8.O-O
h6 9.Ne4 Nxe4 10.Bxe4 Nf6 11.Bd3 Qc7 12.b3 O-O 13.Bb2 b6 14.c4 Bb7 15.Bc2 
Rad8 16.Qd3 Rfe8 17.h3 Be7 18.Ne5 c5 19.Ng4 Qf4 20.d5 exd5 21.Bxf6 Bxf6 
22.Qh7+ Kf8 23.Rae1 Re6 24.Bf5 Bc3 25.Bxe6 Bxe1 26.Bxd5 Bxd5 27.Rxe1 Be6 
28.Ne5 Rd2 29.Nf3 Rxa2 30.Qh8+ Ke7 31.Rd1 Kf6 32.Qa8 h5 33.g3 Qh6 34.h4 g6
35.Ng5 Kg7 36.Qe4 Kf6 37.Rd6 Qh8 38.Qf4+ Ke7 39.Rxe6+ fxe6 40.Qc7+ Kf6 41.
Qf7+ Ke5 42.Qxe6+ Kd4 43.Qe3# 1-0

[Event "Gauteng zt"]
[Site "Gauteng"]
[Date "1998.05.15"]
[Round "8"]
[White "Solomon, Kenny"]
[Black "Kobese, Watu"]
[Result "0-1"]
[WhiteElo "2240"]
[BlackElo "2330"]
[EventDate "1998.05.08"]
[PlyCount "133"]

1.d4 Nf6 2.c4 e6 3.Nc3 Bb4 4.Qb3 a5 5.a3 Be7 6.e4 d6 7.Nf3 Nc6 8.Bd3 O-O 
9.O-O e5 10.d5 Nb8 11.Qd1 Nbd7 12.Rb1 Nc5 13.Bc2 c6 14.b4 Na6 15.dxc6 bxc6
16.b5 Nb8 17.bxc6 Nxc6 18.Ba4 Bd7 19.Bg5 Ne8 20.Be3 Nf6 21.Bg5 Ne8 22.Be3 
Nf6 23.Bb6 Qe8 24.Re1 Nd8 25.Nb5 Ne6 26.Bc2 Bxb5 27.Rxb5 Qc8 28.Bd3 a4 29.
Rb4 Nd7 30.Be3 Ndc5 31.Bc2 Qd7 32.Rb5 Rfd8 33.Qd2 Qc6 34.Qd5 Qc8 35.Rb4 
Ra5 36.Qd2 Qa8 37.Qd1 Rc8 38.Kh1 Ra6 39.Qd5 Qa7 40.Reb1 Qc7 41.Ng1 Ra5 42.
Qd2 h6 43.g3 Ng5 44.f3 Ra6 45.Qd5 Nge6 46.Ne2 Bf6 47.h4 Qd7 48.Kg2 Bd8 49.
Qd1 g5 50.hxg5 Bxg5 51.Bxg5 Nxg5 52.Qh1 Qe6 53.g4 Qf6 54.Qf1 Nce6 55.Bd1 
h5 56.gxh5 Kh7 57.Ng3 Nh3 58.Kh2 Nef4 59.Nf5 Rg8 60.Rb6 Qg5 61.R6b2 Qxh5 
62.Ng3 Qg5 63.Nf5 d5 64.cxd5 Qh5 65.Ng3 Rxg3 66.Kxg3 Rg6+ 67.Kh2 0-1

[Event "Tallinn zt"]
[Site "Tallinn"]
[Date "1998.??.??"]
[Round "?"]
[White "Krakops, Maris"]
[Black "Sulskis, Sarunas"]
[Result "0-1"]
[WhiteElo "2510"]
[BlackElo "2555"]
[EventDate "1998.07.??"]
[PlyCount "82"]

1.e4 c5 2.Nf3 e6 3.Nc3 Nc6 4.d4 cxd4 5.Nxd4 Bb4 6.Nb5 a6 7.Nd6+ Ke7 8.
Nxc8+ Rxc8 9.Bd2 Nf6 10.Bd3 d5 11.exd5 Nxd5 12.O-O Bxc3 13.bxc3 Ne5 14.Re1
Qd6 15.Qh5 Nxd3 16.cxd3 Nf6 17.Qf3 b5 18.a4 Rhd8 19.d4 Qc6 20.Qg3 bxa4 21.
Bc1 Kf8 22.Ba3+ Kg8 23.Be7 Nh5 24.Qg4 Re8 25.Bg5 g6 26.Ra3 Qb5 27.Qh4 e5 
28.dxe5 Rxe5 29.Be3 Rc4 30.Qd8+ Re8 31.Qd2 Qc6 32.Raa1 Rg4 33.f3 Qxf3 34.
Bd4 Qc6 35.Rxe8+ Qxe8 36.Qc2 Nf4 37.g3 Ne2+ 38.Kf2 Nxd4 39.cxd4 Rxd4 40.
Re1 Qd8 41.Qc3 h5 0-1

[Event "Tallinn zt"]
[Site "Tallinn"]
[Date "1998.??.??"]
[Round "?"]
[White "Krivonosov, Oleg"]
[Black "Veingold, Aleksandr"]
[Result "1/2-1/2"]
[WhiteElo "2445"]
[BlackElo "2485"]
[EventDate "1998.07.??"]
[PlyCount "41"]

1.Nf3 Nf6 2.c4 e6 3.g3 d5 4.d4 Be7 5.Bg2 O-O 6.O-O dxc4 7.Qc2 a6 8.Qxc4 b5
9.Qc2 Bb7 10.Bg5 Nbd7 11.Bxf6 Nxf6 12.Nbd2 Rc8 13.Nb3 c5 14.dxc5 Be4 15.
Qc1 a5 16.Rd1 Qc7 17.a4 Bxc5 18.Qxc5 Qxc5 19.Nxc5 Rxc5 20.Ne1 Bg6 21.Rac1 
1/2-1/2

[Event "Tallinn zt"]
[Site "Tallinn"]
[Date "1998.??.??"]
[Round "?"]
[White "Rozentalis, Eduardas"]
[Black "Berzinsh, Roland"]
[Result "1-0"]
[WhiteElo "2575"]
[BlackElo "2445"]
[EventDate "1998.07.??"]
[PlyCount "93"]

1.e4 e5 2.Nf3 Nc6 3.Bb5 a6 4.Bxc6 dxc6 5.O-O f6 6.d4 Bg4 7.c3 Ne7 8.h3 
Bxf3 9.Qxf3 exd4 10.Rd1 Qd7 11.cxd4 f5 12.Nc3 fxe4 13.Qh5+ Ng6 14.d5 Be7 
15.Be3 O-O 16.Rac1 c5 17.Nxe4 Rf5 18.Qg4 Ne5 19.Qe2 b6 20.b4 cxb4 21.Qc2 
Bd6 22.Nxd6 cxd6 23.Qe4 b5 24.Qxb4 Nc4 25.a4 Re8 26.axb5 axb5 27.Bd4 Rxd5 
28.Qc3 h6 29.Ra1 Qf7 30.Rd3 Rg5 31.Rg3 Rxg3 32.Qxg3 g5 33.Qd3 Qh7 34.Qf3 
Qf7 35.Qc6 Ne5 36.Qxd6 Ng6 37.g3 Qe6 38.Qc7 Ne5 39.Qc3 Qd5 40.Bxe5 Qxe5 
41.Qb3+ Kh8 42.Ra6 Rf8 43.Rxh6+ Kg7 44.Re6 Qa1+ 45.Kg2 Qa8+ 46.f3 Qa1 47.
Re7+ 1-0

[Event "Tallinn zt"]
[Site "Tallinn"]
[Date "1998.??.??"]
[Round "?"]
[White "Rozentalis, Eduardas"]
[Black "Krakops, Maris"]
[Result "1-0"]
[WhiteElo "2575"]
[BlackElo "2510"]
[EventDate "1998.07.??"]
[PlyCount "73"]

1.e4 d5 2.exd5 Nf6 3.d4 Bg4 4.Nf3 Qxd5 5.Be2 e6 6.h3 Bh5 7.c4 Qd7 8.Nc3 
Bxf3 9.Bxf3 Nc6 10.Be3 O-O-O 11.Nb5 Bb4+ 12.Kf1 Kb8 13.Qb3 a6 14.Nxc7 Qxc7
15.Bxc6 Qxc6 16.Qxb4 Ka8 17.f3 Nh5 18.Kf2 Qc7 19.Qc5 Qg3+ 20.Kf1 g6 21.Bf2
Qf4 22.Qe5 Qd2 23.b3 f6 24.Qe1 Rxd4 25.Bxd4 Qxd4 26.Rc1 Rd8 27.g3 Qb2 28.
Rg1 Rd3 29.Rg2 Rxf3+ 30.Kg1 Qd4+ 31.Kh2 Nxg3 32.Rxg3 Qf4 33.Rc3 Rf1 34.Qe3
Rf2+ 35.Kg1 Rf1+ 36.Kg2 Qf5 37.Rd3 1-0

[Event "Tallinn zt"]
[Site "Tallinn"]
[Date "1998.??.??"]
[Round "?"]
[White "Rozentalis, Eduardas"]
[Black "Rytshagov, Mikhail"]
[Result "1-0"]
[WhiteElo "2575"]
[BlackElo "2565"]
[EventDate "1998.07.??"]
[PlyCount "79"]

1.d4 Nf6 2.Nf3 d5 3.Bf4 c6 4.e3 Qb6 5.b3 Bf5 6.Be2 e6 7.Nh4 Bb4+ 8.Kf1 Bg6
9.Nxg6 fxg6 10.c3 Be7 11.Nd2 Nbd7 12.g4 O-O 13.g5 Ne8 14.Bg4 c5 15.Nf3 Rd8
16.h4 Rf7 17.Kg2 a5 18.Qd3 cxd4 19.cxd4 Ba3 20.Ne5 Nxe5 21.Bxe5 Kf8 22.h5 
gxh5 23.Rxh5 g6 24.Rh2 Bd6 25.Rah1 Bxe5 26.Rxh7 Rxh7 27.Rxh7 Bg7 28.Qxg6 
Qc7 29.Bxe6 Rd6 30.a4 b6 31.Qf5+ Ke7 32.Bxd5 Qd7 33.Qxd7+ Rxd7 34.Bc4 Kf8 
35.f4 Nd6 36.Be6 Re7 37.d5 Rc7 38.Kf3 Rc3 39.f5 Bd4 40.f6 1-0

[Event "Tallinn zt"]
[Site "Tallinn"]
[Date "1998.??.??"]
[Round "?"]
[White "Rozentalis, Eduardas"]
[Black "Veingold, Aleksandr"]
[Result "0-1"]
[WhiteElo "2575"]
[BlackElo "2485"]
[EventDate "1998.07.??"]
[PlyCount "54"]

1.e4 c5 2.Nf3 d6 3.d4 cxd4 4.Qxd4 Nc6 5.Bb5 Bd7 6.Bxc6 Bxc6 7.c4 Nf6 8.Nc3
g6 9.O-O Bg7 10.Qd3 O-O 11.Nd4 Qb6 12.Rd1 Ng4 13.Qd2 Qc5 14.h3 Nf6 15.Qd3 
Nd7 16.b3 Qe5 17.Bb2 Nc5 18.Qe3 f5 19.Nf3 Qe6 20.Ng5 Qf6 21.Na4 e5 22.Nxc5
dxc5 23.exf5 gxf5 24.f4 Qg6 25.Bxe5 Bxe5 26.Qxe5 Rae8 27.Qd6 Re1+ 0-1

[Event "Tallinn zt"]
[Site "Tallinn"]
[Date "1998.??.??"]
[Round "?"]
[White "Veingold, Aleksandr"]
[Black "Fridman, Daniel"]
[Result "1-0"]
[WhiteElo "2475"]
[BlackElo "2520"]
[EventDate "1998.07.??"]
[PlyCount "71"]

1.d4 d5 2.Nf3 Nf6 3.c4 c6 4.Nc3 e6 5.Bg5 dxc4 6.e4 b5 7.e5 h6 8.Bh4 g5 9.
Nxg5 hxg5 10.Bxg5 Nbd7 11.g3 Bb7 12.Bg2 Qb6 13.exf6 O-O-O 14.O-O c5 15.d5 
b4 16.Rb1 Qa6 17.dxe6 Bxg2 18.Re1 Ne5 19.Qxd8+ Kxd8 20.e7+ Bxe7 21.fxe7+ 
Ke8 22.Rxe5 f6 23.Rd1 fxe5 24.Rd8+ Kf7 25.Rxh8 Bc6 26.Ne4 Qxa2 27.Rh7+ Kg6
28.Rh6+ Kf7 29.Rh7+ Kg6 30.Rh6+ Kf7 31.Nd6+ Kg8 32.e8=Q+ Bxe8 33.Bf6 Qb1+ 
34.Kg2 Bc6+ 35.Kh3 Bd7+ 36.Kh4 1-0

[Event "Sao Paulo zt"]
[Site "Sao Paulo"]
[Date "1998.??.??"]
[Round "1"]
[White "Oblitas Guerrero, Carlomagno"]
[Black "Berrocal Farina, Jorge"]
[Result "1/2-1/2"]
[WhiteElo "2420"]
[BlackElo "2275"]
[EventDate "1998.09.??"]
[PlyCount "78"]

1.Nf3 Nf6 2.c4 e6 3.g3 d5 4.Bg2 c5 5.O-O Nc6 6.cxd5 Nxd5 7.d4 Be7 8.dxc5 
Bxc5 9.Qc2 Qe7 10.a3 O-O 11.b4 Bb6 12.Bb2 Bd7 13.Nbd2 Rac8 14.Qb3 Rfd8 15.
Nc4 Bc7 16.Rac1 Be8 17.Rc2 f6 18.e4 Nb6 19.Rfc1 Nxc4 20.Rxc4 Bb6 21.R4c2 
Bf7 22.e5 f5 23.Bf1 Rc7 24.b5 Na5 25.Rxc7 Bxc7 26.Qb4 Qd7 27.Be2 Bb6 28.
Rd1 Qc7 29.Rxd8+ Qxd8 30.Qd2 h6 31.Qxd8+ Bxd8 32.Bd4 b6 33.Bc3 Be7 34.Bb4 
Bc5 35.Kf1 Kf8 36.Nd2 Ke7 37.Nc4 Bxb4 38.axb4 Nxc4 39.Bxc4 Be8 1/2-1/2

[Event "Sao Paulo zt"]
[Site "Sao Paulo"]
[Date "1998.??.??"]
[Round "1"]
[White "Saavedra, Carlos"]
[Black "Limp, Eduardo Thelio"]
[Result "0-1"]
[WhiteElo "2205"]
[BlackElo "2410"]
[EventDate "1998.09.??"]
[PlyCount "130"]

1.d4 Nf6 2.Nf3 d5 3.c4 c6 4.Nc3 g6 5.e3 Bg7 6.Bd3 O-O 7.h3 c5 8.O-O Nc6 9.
dxc5 dxc4 10.Bxc4 Qa5 11.e4 Qxc5 12.Qe2 Na5 13.Bd3 Be6 14.Be3 Qh5 15.Nb5 
Rad8 16.Rfc1 Bxh3 17.Rc5 Qg4 18.Rg5 Qd7 19.Ne5 Qe6 20.Nd4 Qd6 21.gxh3 h6 
22.Nxf7 Rxf7 23.Rxa5 e5 24.Bc4 exd4 25.Bxf7+ Kxf7 26.Bd2 d3 27.Qf3 Qc6 28.
Rxa7 Kg8 29.Bc3 Nxe4 30.Bxg7 Kxg7 31.Rd1 d2 32.Qe3 Qd5 33.Ra4 Ng5 34.f4 
Nf3+ 35.Kf2 Ne1 36.Re4 Nd3+ 37.Ke2 Qh5+ 38.Qf3 Qxf3+ 39.Kxf3 Nxb2 40.Ke2 
Nxd1 41.Kxd1 Kf6 42.Rb4 Kf5 43.Rxb7 Kxf4 44.Rb6 Kg5 45.Rb4 Rd3 46.h4+ Kh5 
47.a4 g5 48.hxg5 hxg5 49.Rb2 Ra3 50.Rxd2 Rxa4 51.Ke1 Rf4 52.Rh2+ Kg4 53.
Rh8 Kg3 54.Rg8 g4 55.Rg7 Kg2 56.Rg8 g3 57.Ke2 Kh2 58.Rh8+ Kg1 59.Rg8 g2 
60.Rg7 Rf8 61.Rg6 Re8+ 62.Kd2 Re5 63.Rg8 Kf2 64.Rf8+ Kg3 65.Rg8+ Kf3 0-1

[Event "Sao Paulo zt"]
[Site "Sao Paulo"]
[Date "1998.??.??"]
[Round "1"]
[White "Sunye Neto, Jaime"]
[Black "Martins, Carlos"]
[Result "1-0"]
[WhiteElo "2520"]
[BlackElo "2305"]
[EventDate "1998.09.??"]
[PlyCount "55"]

1.c4 f5 2.g3 Nf6 3.Bg2 g6 4.d3 Bg7 5.e4 fxe4 6.dxe4 d6 7.Ne2 c6 8.Nbc3 Be6
9.b3 Qd7 10.h3 Na6 11.Be3 O-O 12.Qd2 Bh8 13.Rd1 Nc7 14.f4 h5 15.Nd4 Rad8 
16.Qc2 Bf7 17.Nf3 Nh7 18.Bxa7 Bxc3+ 19.Qxc3 Ra8 20.Bb6 Rxa2 21.O-O Ne8 22.
Rf2 Ra6 23.Bd4 Qc7 24.Qe3 c5 25.Bb2 Ng7 26.Nh4 Qa5 27.f5 g5 28.Nf3 1-0

[Event "Sao Paulo zt"]
[Site "Sao Paulo"]
[Date "1998.??.??"]
[Round "1"]
[White "Tsuboi, Edson Kenji"]
[Black "Urday Caceres, Henry"]
[Result "1/2-1/2"]
[WhiteElo "2300"]
[BlackElo "2475"]
[EventDate "1998.09.??"]
[PlyCount "54"]

1.e4 c5 2.Nf3 e6 3.d4 cxd4 4.Nxd4 a6 5.Bd3 Nf6 6.O-O Qc7 7.Qe2 d6 8.c4 g6 
9.Nc3 Bg7 10.Rd1 O-O 11.Nf3 Nc6 12.h3 b6 13.Be3 Bb7 14.Rac1 Nd7 15.Bb1 Nc5
16.a3 Nb3 17.Rc2 Ne5 18.Ba2 Nxf3+ 19.gxf3 Nc5 20.Qd2 Be5 21.b4 Nd7 22.f4 
Bxc3 23.Rxc3 Nf6 24.f3 Bxe4 25.fxe4 Nxe4 26.Qd3 Nxc3 27.Qxc3 e5 1/2-1/2

[Event "Sao Paulo zt"]
[Site "Sao Paulo"]
[Date "1998.??.??"]
[Round "1"]
[White "Van Riemsdijk, Herman C"]
[Black "Milos, Gilberto"]
[Result "0-1"]
[WhiteElo "2405"]
[BlackElo "2575"]
[EventDate "1998.09.??"]
[PlyCount "102"]

1.Nf3 c5 2.g3 Nc6 3.d4 cxd4 4.Nxd4 g6 5.b3 Bg7 6.e3 Nxd4 7.exd4 Nh6 8.Bg2 
Nf5 9.c3 d5 10.O-O O-O 11.Re1 b6 12.a4 Bb7 13.Qe2 Re8 14.Bf4 Rc8 15.a5 e6 
16.Bf1 f6 17.axb6 e5 18.Bd2 a6 19.Bh3 Qxb6 20.Qd3 Qxb3 21.Na3 e4 22.Qb1 
Qxb1 23.Rexb1 Re7 24.Nc2 Rcc7 25.Bxf5 gxf5 26.Rb6 f4 27.gxf4 Bf8 28.Ne3 
Kf7 29.Rab1 Red7 30.Kf1 Bc8 31.Ke2 a5 32.R1b5 Ra7 33.Kd1 a4 34.Kc1 a3 35.
Kb1 Bb7 36.Ka2 Be7 37.Nf5 Ba6 38.Rb1 Bd3 39.Rg1 Bf8 40.Bc1 Rdc7 41.Bd2 
Rcb7 42.Rg7+ Bxg7 43.Nd6+ Kg6 44.Nxb7 Bf8 45.c4 Bxc4+ 46.Ka1 Ra6 47.Rxa6 
Bxa6 48.Nc5 Bc4 49.Bc1 a2 50.Be3 Kf5 51.h3 Bd6 0-1

[Event "Sao Paulo zt"]
[Site "Sao Paulo"]
[Date "1998.??.??"]
[Round "2"]
[White "Limp, Eduardo Thelio"]
[Black "Leitao, Rafael Duailibe"]
[Result "1/2-1/2"]
[WhiteElo "2410"]
[BlackElo "2550"]
[EventDate "1998.09.??"]
[PlyCount "103"]

1.Nf3 Nf6 2.b3 g6 3.Bb2 Bg7 4.e3 O-O 5.Be2 c5 6.O-O d5 7.d4 Ne4 8.c4 Nc6 
9.Nc3 Nxc3 10.Bxc3 dxc4 11.bxc4 Bg4 12.Rb1 Qc7 13.Rc1 Bxf3 14.Bxf3 cxd4 
15.exd4 Rfd8 16.d5 Ne5 17.Bxe5 Bxe5 18.g3 Qc5 19.Qe2 Bf6 20.Rc2 Rac8 21.
Be4 Rd6 22.Kg2 Rb6 23.h4 Rb4 24.Rfc1 Kg7 25.Qf3 b6 26.Bd3 h5 27.Rh1 Ra4 
28.Rb1 Qd6 29.Rb5 Rc5 30.Rxc5 Qxc5 31.Qe2 Ra3 32.Be4 Qd4 33.Bf3 Qd3 34.
Qxd3 Rxd3 35.Be2 Ra3 36.Bd1 Kf8 37.Rd2 Be5 38.Bb3 Ke8 39.Re2 Bd6 40.Kf1 a5
41.Rb2 Kd7 42.Ke2 Bc5 43.Kf1 Kd6 44.Re2 Bd4 45.Bd1 Bf6 46.Rc2 Kc5 47.Be2 
Rc3 48.Rxc3 Bxc3 49.a4 Kb4 50.Bd1 Kxc4 51.Be2+ Kxd5 52.Bb5 1/2-1/2

[Event "Sao Paulo zt"]
[Site "Sao Paulo"]
[Date "1998.??.??"]
[Round "2"]
[White "Martins, Carlos"]
[Black "Van Riemsdijk, Herman C"]
[Result "1/2-1/2"]
[WhiteElo "2305"]
[BlackElo "2405"]
[EventDate "1998.09.??"]
[PlyCount "26"]

1.e4 c5 2.Nf3 e6 3.d4 cxd4 4.Nxd4 Nf6 5.Nc3 Nc6 6.Ndb5 d6 7.Bf4 e5 8.Bg5 
a6 9.Na3 b5 10.Nd5 Qa5+ 11.Bd2 Qd8 12.Bg5 Be7 13.Bxf6 gxf6 1/2-1/2

[Event "Sao Paulo zt"]
[Site "Sao Paulo"]
[Date "1998.??.??"]
[Round "2"]
[White "Matsuura, Everaldo"]
[Black "Saavedra, Carlos"]
[Result "1-0"]
[WhiteElo "2400"]
[BlackElo "2205"]
[EventDate "1998.09.??"]
[PlyCount "61"]

1.e4 e5 2.Nf3 Nc6 3.d4 exd4 4.Nxd4 Nf6 5.Nxc6 bxc6 6.e5 Qe7 7.Qe2 Nd5 8.c4
Ba6 9.b3 O-O-O 10.g3 f6 11.Bb2 fxe5 12.Bg2 Qf7 13.O-O Re8 14.Nd2 Nf6 15.a3
h5 16.Nf3 h4 17.Nxe5 Qh5 18.Qxh5 Rxh5 19.Rfe1 hxg3 20.hxg3 Bc5 21.Nd3 
Rxe1+ 22.Rxe1 Bd6 23.Nb4 Kb7 24.Bf1 c5 25.Bg2+ Kb6 26.Nxa6 Kxa6 27.f4 Kb6 
28.Kf2 Rh8 29.Kf3 Rf8 30.Bh3 Rf7 31.Bf5 1-0

[Event "Sao Paulo zt"]
[Site "Sao Paulo"]
[Date "1998.??.??"]
[Round "2"]
[White "Milos, Gilberto"]
[Black "Sunye Neto, Jaime"]
[Result "1/2-1/2"]
[WhiteElo "2575"]
[BlackElo "2520"]
[EventDate "1998.09.??"]
[PlyCount "56"]

1.e4 c5 2.Nf3 d6 3.Nc3 a6 4.g3 Nc6 5.Bg2 g6 6.d4 cxd4 7.Nxd4 Bg7 8.Nxc6 
bxc6 9.e5 d5 10.Bf4 e6 11.Qd2 Qc7 12.O-O-O Ne7 13.Rhe1 h6 14.h4 Rb8 15.Na4
c5 16.c4 d4 17.b3 Bd7 18.Nb2 a5 19.Nd3 a4 20.Kc2 Bc6 21.Bxc6+ Nxc6 22.Rb1 
Nb4+ 23.Nxb4 Rxb4 24.Qd3 Rb7 25.Qe4 O-O 26.Bd2 Rd8 27.Qd3 h5 28.f4 axb3+ 
1/2-1/2

[Event "Sao Paulo zt"]
[Site "Sao Paulo"]
[Date "1998.??.??"]
[Round "2"]
[White "Urday Caceres, Henry"]
[Black "Oblitas Guerrero, Carlomagno"]
[Result "1-0"]
[WhiteElo "2475"]
[BlackElo "2420"]
[EventDate "1998.09.??"]
[PlyCount "77"]

1.d4 Nf6 2.c4 c5 3.d5 d6 4.Nc3 g6 5.e4 Bg7 6.h3 O-O 7.Nf3 b5 8.cxb5 a6 9.
a4 axb5 10.Bxb5 Ba6 11.Qe2 Qa5 12.Ra3 Qb4 13.Bxa6 Nxa6 14.Nd2 Nd7 15.O-O 
Qb7 16.Nc4 Ne5 17.Nb5 Nc7 18.Nxc7 Qxc7 19.b3 Rfb8 20.Bd2 Qc8 21.f4 Nxc4 
22.bxc4 Rb2 23.a5 Bd4+ 24.Kh1 Qa6 25.Qd3 Rab8 26.Re1 f6 27.Rc1 Kf7 28.Kh2 
R8b7 29.Be3 Bxe3 30.Qxe3 Rb1 31.Rcc3 Rf1 32.e5 Rbb1 33.exd6 Rfe1 34.Qxc5 
exd6 35.Qd4 h5 36.Re3 Rxe3 37.Rxe3 Qxa5 38.Qe4 Qa7 39.Qe8+ 1-0

[Event "Sao Paulo zt"]
[Site "Sao Paulo"]
[Date "1998.??.??"]
[Round "2"]
[White "Vescovi, Giovanni P"]
[Black "Tsuboi, Edson Kenji"]
[Result "1/2-1/2"]
[WhiteElo "2525"]
[BlackElo "2300"]
[EventDate "1998.09.??"]
[PlyCount "113"]

1.c4 Nf6 2.Nf3 c5 3.g3 b6 4.Bg2 Bb7 5.O-O e6 6.Nc3 Be7 7.d4 cxd4 8.Qxd4 d6
9.Rd1 a6 10.b3 Nbd7 11.Bb2 O-O 12.e4 Qc7 13.Rac1 Rfe8 14.h3 Rac8 15.Nd2 
Qb8 16.b4 Bf8 17.a3 Qc7 18.Ne2 Qb8 19.f4 Qa8 20.Qd3 h5 21.Bf3 e5 22.f5 Nh7
23.Nc3 Ndf6 24.a4 Be7 25.Qe3 a5 26.Nd5 Nxd5 27.cxd5 Rxc1 28.Bxc1 axb4 29.
Qxb6 Rb8 30.Qc7 Kf8 31.Nf1 Ba6 32.Be3 Nf6 33.Nd2 Bd3 34.g4 Rc8 35.Qb6 hxg4
36.hxg4 Qxa4 37.Qb7 Ba6 38.Qa7 b3 39.Rb1 b2 40.Rxb2 Qa1+ 41.Rb1 Rc1+ 42.
Rxc1 Qxc1+ 43.Kf2 Qc8 44.Qb6 Qb7 45.Qxb7 Bxb7 46.Be2 Bd8 47.Kf3 Nd7 48.Bb5
Ke7 49.Bg5+ f6 50.Be3 Bb6 51.Nb3 Bxe3 52.Kxe3 Nc5 53.Nxc5 dxc5 54.Kd3 Kd6 
55.Kc4 Bc8 56.Kb3 Kc7 57.Kc3 1/2-1/2